| 000 | 00399nam a2200169Ia 4500 | ||
|---|---|---|---|
| 008 | 230524s9999 xx 000 0 und d | ||
| 082 |
_a3 _bPAT |
||
| 100 | _aP.K.Patnaik | ||
| 245 | 0 | _aOptimization Engineering | |
| 250 | _a1ST | ||
| 260 |
_aNEW DELHI _bIndia Tech _c2006 |
||
| 300 | _aXII;386 | ||
| 500 | _aQuantity Number: 20 | ||
| 650 | _aMathematics | ||
| 700 | _a M.K.Nayak | ||
| 942 | _cBK | ||
| 999 |
_c36565 _d36565 |
||